00494nam a22001577a 450000500170000001000140001702000110003103500130004203700130005508200100006810000240007824500820010226000460018427000770023030000290030720100805150755.0 aENG-98470 c100.00 aEN-82003 bDPAD/PUB a230.4 aRao,V. Ranghavendra aDivine coincidence :bspiritual Odyssey of a novice /cby V. Ranghavendra Rao aOrissabSw. Sivananda Gurusevanandac2008 aSivananda House, Harijan Colony, B.K. Street, Brahmapur bOrissae760001 a88p. :bill.c22cm (pbk)